| 000 | 00000nam 2200000zi 4500 |
| 001 | 9.919081 |
| 003 | CaOODSP |
| 005 | 20230510083217 |
| 006 | m o d f |
| 007 | cr cn |||||||| |
| 008 | 230112t20092009onco ob f000 0 fre d |
| 040 | |aCaOODSP|bfre|erda|cCaOODSP |
| 041 | 0 |aeng|afre|aspa |
| 043 | |an-cn--- |
| 086 | 1 |aA22-679/2009-PDF |
| 245 | 00|aDrinking water storage tanks = |bRéservoirs d'eau potable = Tanques de almacenamiento de agua potable. |
| 246 | 11|aRéservoirs d'eau potable |
| 246 | 11|aTanques de almacenamiento de agua potable |
| 246 | 17|aGuidance on maintenance and operation of drinking water storage tanks (cisterns) |
| 246 | 17|aLignes directrices pour l’entretien et l’utilisation des réservoirs de stockage d’eau potable (citernes) |
| 246 | 17|aGuía sobre el mantenimiento y la operación de tanques de almacenamiento de agua potable (cisternas) |
| 250 | |aVersion 2.3 |
| 264 | 1|a[Ottawa] : |bLe Conseil interministériel de formation sur la qualité de l'eau (CIFQE) = Interdepartmental Water Quality Training Board (IWQTB), |c[2009] |
| 264 | 4|c©2009 |
| 300 | |a1 ressource en ligne (1 volume (pagination multiple)) : |bphotographies |
| 336 | |atexte|btxt|2rdacontent/fre |
| 337 | |ainformatique|bc|2rdamedia/fre |
| 338 | |aressource en ligne|bcr|2rdacarrier/fre |
| 500 | |aTitre de la couverture. |
| 500 | |a« 4 in a series = 4ième dans la collection ». |
| 504 | |aComprend des références bibliographiques. |
| 520 | |a« Un réservoir de stockage bien conçu, construit et entretenu qui est rempli d’eau potable traitée doit pouvoir fournir l’eau que l’on peut boire en toute sécurité, et ce, tant que l’eau est stockée et distribuée. Les réservoirs de stockage d’eau potable qui sont mal conçus, qui ne font pas l’objet d’inspections régulières et/ou qui sont mal nettoyés ou réparés peuvent faire courir aux utilisateurs ou aux consommateurs de graves risques en matière de santé et de sécurité, car, pendant que l’eau s’y trouve, elle peut être contaminée ou sa qualité peut diminuer » -- Introduction, page 2. |
| 546 | |aTexte en français, anglais et espagnol. |
| 650 | 6|aEau potable|zCanada|xGestion. |
| 650 | 6|aEau|xQualité|xGestion|zCanada. |
| 650 | 6|aEau|xStockage|zCanada. |
| 710 | 2 |aConseil interministériel de formation sur la qualité de l'eau (Canada), |eorganisme de publication. |
| 791 | |tDrinking water storage tanks = |eeng|w(CaOODSP)9.919080 |
| 856 | 40|qPDF|s5.07 Mo|uhttps://publications.gc.ca/collections/collection_2023/aac-aafc/A22-679-2009.pdf |